Elementos de economía monetaria
Saved in:
| Hovedforfatter: | |
|---|---|
| Format: | Bog |
| Sprog: | spansk |
| Udgivet: |
Santiago
Jurídica de Chile
1955
|
| Serier: | Estudios Jurídicos y Sociales, 44
|
| Fag: | |
| Tags: |
Tilføj Tag
Ingen Tags, Vær først til at tagge denne postø!
|
MARC
| LEADER | 00000nam a2200000 a 4500 | ||
|---|---|---|---|
| 001 | UCT8094 | ||
| 003 | CL-VaPUC | ||
| 008 | 970317e19550000CL |||||||||||||||||spa|d | ||
| 082 | 0 | 4 | |a 332.112 |b HER |2 21 |
| 100 | |a Herrera Lane, Felipe |e autor |9 527387 | ||
| 245 | 1 | 0 | |a Elementos de economía monetaria |
| 300 | |a 221 p | ||
| 942 | |c BK | ||
| 945 | |d 19970317 00:00:00 |a paguirre | ||
| 260 | |a Santiago |b Jurídica de Chile |c 1955 | ||
| 650 | 7 | |a SISTEMAS MONETARIOS |2 CL-VaPUC |9 342366 | |
| 650 | 0 | |a Moneda |9 342365 | |
| 650 | 0 | |a Política monetaria |9 258279 | |
| 650 | 7 | |a BANCOS CENTRALES |2 CL-VaPUC |9 325759 | |
| 650 | 0 | |a Bancos |9 254963 | |
| 650 | 7 | |a INSTITUCIONES FINANCIERAS |2 CL-VaPUC |9 257940 | |
| 583 | |a last modification |c 19970317 00:00:00 |k Rodrigo Vera | ||
| 490 | 0 | |a Estudios Jurídicos y Sociales, 44 | |
| 999 | |c 256626 |d 256624 | ||
| 952 | |0 0 |1 0 |4 0 |6 332_112000000000000_HER_1955 |7 0 |8 P |9 279440 |a BIBDER |b BIBDER |d 2019-11-19 |i 1812742 |o 332.112 HER 1955 |p 1812742 |r 2023-01-25 |w 2019-11-19 |y BK |k DER | ||
| 952 | |0 0 |1 0 |4 0 |6 332_112000000000000_HER_1955 |7 0 |8 A |9 279441 |a BIBGIM |b BIBGIM |d 2019-11-19 |i 1993976 |o 332.112 HER 1955 |p 1993976 |r 2025-01-15 |w 2019-11-19 |y BK |k COM | ||
| 952 | |0 0 |1 0 |4 0 |6 332_112000000000000_HER_1955 |7 0 |8 A |9 279442 |a BIBGIM |b BIBGIM |d 2019-11-19 |i 1993984 |o 332.112 HER 1955 |p 1993984 |r 2025-01-15 |w 2019-11-19 |y BK |k COM | ||